Význam riadenia a prezentácie plánovacích procesov podnikov a holdingových zoskupení

Význam praktického plánovania pre rozvoj podnikov a holdingových zoskupení. Efektívny plánovací proces v podniku - princípy. Dosiahnutie efektívnosti plánovacieho procesu je teda závislé najmä od: vhodnej a dostatočne flexibilnej organizačnej štruktúry, výkonného a dobre zvládnutého účtovného systém...

Ausführliche Beschreibung

Gespeichert in:
Bibliographische Detailangaben
1. Verfasser: Tóthová, Alena, 1968-
Weitere Verfasser: Tóth, Miroslav, 1961-
Format: Buchkapitel
Sprache:Slowakisch
Schlagworte:
Tags: Tag hinzufügen
Keine Tags, Fügen Sie das erste Tag hinzu!

MARC

LEADER 00000nla$a2200000$$$4500
001 0114733
005 20240502072300.3
041 0 |a slo 
044 |a SK 
245 1 0 |a Význam riadenia a prezentácie plánovacích procesov podnikov a holdingových zoskupení  |c Alena Tóthová, Miroslav Tóth 
520 |a Význam praktického plánovania pre rozvoj podnikov a holdingových zoskupení. Efektívny plánovací proces v podniku - princípy. Dosiahnutie efektívnosti plánovacieho procesu je teda závislé najmä od: vhodnej a dostatočne flexibilnej organizačnej štruktúry, výkonného a dobre zvládnutého účtovného systému. 
610 2 0 |a podnik 
610 2 0 |a holding 
610 2 0 |a procesy podnikové 
610 2 0 |a plánovanie 
610 2 0 |a plánovanie strategické 
610 2 0 |a efektívnosť 
610 2 0 |a štruktúra podniku organizačná 
610 2 0 |a systémy účtovné 
100 1 |a Tóthová, Alena, 1968- 
700 1 |a Tóth, Miroslav, 1961-